| 000 | 00678aam a2200265 4500 | ||
|---|---|---|---|
| 005 | 20250729175748.0 | ||
| 008 | 150731b1988 xxu||||| |||| 00| 0 spa d | ||
| 020 | _a848538962X | ||
| 041 | _aESP | ||
| 041 | _aING | ||
| 082 | _a333.783.097.286 B793p | ||
| 100 | _aBoza, Mario | ||
| 245 | _aParques Nacionales Costa Rica = National Parks | ||
| 260 | _aCosta Rica | ||
| 260 | _bHeliconia | ||
| 260 | _c1988 | ||
| 300 | _a271 páginas | ||
| 490 | _aTurismo | ||
| 500 | _aDisponible en idiomas inglés y español | ||
| 650 | _aPARQUES NACIONALES | ||
| 650 | _aRESERVAS DE TIERRAS | ||
| 650 | _aREFUGIOS DE VIDA SILVESTRE | ||
| 650 | _aCOSTA RICA | ||
| 942 |
_cBK _2ddc |
||
| 999 |
_c428 _d428 |
||